[Event "Goed op 1st"]
[Site "Goed"]
[Date "2004.08.03"]
[Round "8"]
[White "Cserey, Gyorgy"]
[Black "Maraczi, Erno"]
[Result "1/2-1/2"]
[WhiteElo "2356"]
[BlackElo "2105"]
[PlyCount "27"]
[EventDate "2004.07.??"]
[EventType "swiss"]
[EventRounds "9"]
[EventCountry "HUN"]
[SourceTitle "EXT 2006"]
[Source "ChessBase"]
[SourceDate "2005.11.24"]
[SourceVersion "1"]
[SourceVersionDate "2005.11.24"]
[SourceQuality "1"]

1. d4 f5 2. c4 e6 3. Nc3 Nf6 4. g3 d5 5. Bg2 c6 6. Nf3 Bd6 7. 0-0 dxc4 8. Nd2 0-0 9. Nxc4 Bc7 10. b3 Nd5 11. Qd3 b5 12. Ne5 a5 13. Rd1 Nxc3 14. Nxc6 1/2-1/2

[Event "HUN-chT2"]
[Site "Hungary"]
[Date "1997.??.??"]
[Round "11"]
[White "Cserey, Gyorgy"]
[Black "Kosa, Laszlo"]
[Result "1-0"]
[WhiteElo "2410"]
[BlackElo "2235"]
[PlyCount "69"]
[EventDate "1997.??.??"]
[EventType "team-swiss"]
[EventRounds "13"]
[EventCountry "HUN"]
[SourceTitle "EXT 2006"]
[Source "ChessBase"]
[SourceDate "2005.11.24"]
[SourceVersion "1"]
[SourceVersionDate "2005.11.24"]
[SourceQuality "1"]

1. d4 Nf6 2. Nf3 d6 3. Nc3 c6 4. e4 b5 5. e5 dxe5 6. Nxe5 b4 7. Bc4 e6 8. Ne2 Be7 9. 0-0 a5 10. Qd3 Qb6 11. Qg3 Rg8 12. Be3 Qc7 13. Nf4 Bd6 14. Rfe1 Qe7 15. Qh3 g5 16. Nfd3 h5 17. f4 gxf4 18. Bxf4 Nd5 19. Qxh5 Nxf4 20. Nxf4 Bxe5 21. Rxe5 Kd8 22. Rxa5 Na6 23. Nd3 Bb7 24. Bxa6 Bxa6 25. Nc5 Bb7 26. Nxb7+ Qxb7 27. Qxf7 Qxf7 28. Rxa8+ Ke7 29. Ra7+ Ke8 30. Rxf7 Kxf7 31. a4 bxa3 32. Rxa3 Ke7 33. c3 Kd6 34. Ra5 Rg4 35. g3 1-0

[Event "HUN-chT2"]
[Site "Hungary"]
[Date "1997.??.??"]
[Round "?"]
[White "Cserey, Gyorgy"]
[Black "Zdjelar, Dusan"]
[Result "1-0"]
[WhiteElo "2410"]
[BlackElo "2195"]
[PlyCount "65"]
[EventDate "1997.??.??"]
[EventType "team-swiss"]
[EventRounds "13"]
[EventCountry "HUN"]
[SourceTitle "EXT 2006"]
[Source "ChessBase"]
[SourceDate "2005.11.24"]
[SourceVersion "1"]
[SourceVersionDate "2005.11.24"]
[SourceQuality "1"]

1. d4 d5 2. c4 e6 3. Nc3 Nf6 4. Bg5 Nbd7 5. e3 Be7 6. Qc2 c6 7. Nf3 dxc4 8. Bxc4 Nd5 9. Bxe7 Qxe7 10. 0-0 Nxc3 11. Qxc3 b6 12. e4 0-0 13. Rad1 Bb7 14. Rfe1 b5 15. Bd3 b4 16. Qc2 h6 17. Bc4 Qd6 18. Re3 Rad8 19. Red3 Qb8 20. Qd2 a5 21. a3 Nb6 22. b3 Qd6 23. Ne5 Nd7 24. Ng4 Kh7 25. Rh3 e5 26. axb4 axb4 27. Rd3 Qg6 28. f3 c5 29. dxe5 Bxe4 30. Rd6 Qf5 31. Rxd7 Bxf3 32. gxf3 Qxf3 33. Qd3+ 1-0

[Event "HUN-chT2"]
[Site "Hungary"]
[Date "1996.??.??"]
[Round "?"]
[White "Monori, Zoltan"]
[Black "Cserey, Gyorgy"]
[Result "1-0"]
[WhiteElo "2285"]
[BlackElo "2365"]
[PlyCount "129"]
[EventDate "1996.??.??"]
[EventType "team-tourn"]
[EventRounds "13"]
[EventCountry "HUN"]
[SourceTitle "EXT 2006"]
[Source "ChessBase"]
[SourceDate "2005.11.24"]
[SourceVersion "1"]
[SourceVersionDate "2005.11.24"]
[SourceQuality "1"]

1. e4 e6 2. d4 d5 3. Nd2 dxe4 4. Nxe4 Bd7 5. Nf3 Bc6 6. Bd3 Nd7 7. 0-0 Ngf6 8. Neg5 Bd6 9. Re1 0-0 10. Ne5 h6 11. Nxc6 bxc6 12. Ne4 c5 13. dxc5 Nxc5 14. Nxc5 Bxc5 15. Qf3 Rb8 16. b3 Bd4 17. Rb1 Qd5 18. Qg3 Qc5 19. Bd2 Rfd8 20. Re2 Nd5 21. Rbe1 Nc3 22. Re5 Rd5 23. Rxd5 Nxd5 24. Re4 Nf6 25. Rh4 Kf8 26. a3 a5 27. b4 axb4 28. axb4 Rxb4 29. Bxb4 Qxb4 30. Qf4 e5 31. Qf5 Qe1+ 32. Bf1 e4 33. Qc8+ Ne8 34. Rf4 e3 35. Qa6 exf2+ 36. Kh1 Qe5 37. Rf3 g6 38. Qxg6 Qg7 39. Qe4 Nd6 40. Qd5 Bb6 41. g3 Qb2 42. c3 Qc1 43. Kg2 Qe1 44. c4 Qe4 45. Qh5 Qd4 46. Qxh6+ Ke8 47. h4 Qe4 48. Qg5 f5 49. h5 Bd4 50. h6 Nf7 51. Qh5 Kf8 52. Qxf5 Qxf5 53. Rxf5 Kg8 54. Rh5 Ne5 55. Be2 Kh7 56. g4 c6 57. Kg3 Kg6 58. h7 Nf7 59. Bd3+ Kg7 60. Kf3 Kh8 61. Ke4 c5 62. Rh1 Kg7 63. Kf5 Bf6 64. h8Q+ Nxh8 65. Rxh8 1-0